000 00578nam a22001817a 4500
005 20251108174957.0
008 250721s2011 xx 000 0 ara d
082 1 4 _a940/يوس
100 1 _aيوسف، عصام
_eمؤلف
245 1 0 _aتاريخ اوروبا في العصور القديمة والوسطى والحديثة /
264 1 _aالجيزة :
_bالدار العالمية،
_c2011.
300 _a498ص.
650 1 7 _aتاريخ أوروبا
650 1 7 _aالعصور التاريخية
650 1 7 _aالتاريخ
942 _2ddc
_cBK
999 _c122988
_d122988